000 01449cam a2200277 i 4500
999 _c5817
_d5817
001 1122051
003 OCoLC
005 20251118090539.0
008 230109t20212022enk 000 f eng d
020 _a9780571368709
_q(paperback)
040 _aYDX
_beng
_erda
_cYDX
_dRCU
_dPTTCL
_dKH8
042 _anbic
082 _aFIC KEE
100 1 _aKeegan, Claire,
_eauthor.
245 1 0 _aSmall things like these /
_cClaire Keegan.
260 1 _aLondon :
_bFaber & Faber,
_c2022.
300 _a116 pages ;
_c20 cm.
520 8 _a"It is 1985, in an Irish town. During the weeks leading up to Christmas, Bill Furlong, a coal and timber merchant, faces into his busiest season. As he does the rounds, he feels the past rising up to meet him - and encounters the complicit silences of a people controlled by the Church. The long-awaited new work from the author of Foster, Small Things Like These is an unforgettable story of hope, quiet heroism and tenderness. '[Claire Keegan] creates luminous effects with spare material, so every line seems to be a lesson in the perfect deployment of both style and emotion.' -- Hilary Mantel." -- Dust jacket.
586 _aOrwell Prize for Political Fiction winner, 2022.
650 0 _aMerchants
_zIreland
_vFiction.
650 0 _aUnmarried mothers
_zIreland
_vFiction.
650 7 _aUnmarried mothers.
_2fast.
650 7 _aMerchants.
_2fast.
651 0 _aIreland
_xHistory
_y20th century
_vFiction.
942 _2ddc
_cFIC